[Event "Russian Rapid Team Championship (w)"]
[Site "Sochi"]
[Date "2022.10.18"]
[Round "4.9"]
[White "Vasilevich, Tatjana"]
[Black "Shuvalova, Polina"]
[Result "0-1"]
[BlackElo "2392"]
[WhiteElo "2226"]
[LiveChessVersion "1.4.8"]

1. d4 {[%clk 0:15:19]} Nf6 {[%clk 0:15:18]} 2. Bg5 {[%clk 0:15:27]} d5
{[%clk 0:15:26]} 3. Bxf6 {[%clk 0:15:23]} gxf6 {[%clk 0:15:34]} 4. g3
{[%clk 0:15:16]} c5 {[%clk 0:15:24]} 5. c3 {[%clk 0:13:40]} Nc6 {[%clk 0:15:15]}
6. Nf3 {[%clk 0:13:26]} Qb6 {[%clk 0:14:23]} 7. Qd2 {[%clk 0:13:29]} Bg4
{[%clk 0:13:55]} 8. Bg2 {[%clk 0:12:31]} O-O-O {[%clk 0:13:45]} 9. dxc5
{[%clk 0:11:52]} Qxc5 {[%clk 0:13:50]} 10. O-O {[%clk 0:11:56]} h5
{[%clk 0:13:23]} 11. b4 {[%clk 0:10:53]} Qb6 {[%clk 0:13:15]} 12. a4
{[%clk 0:10:50]} Qc7 {[%clk 0:11:18]} 13. Na3 {[%clk 0:10:46]} e5
{[%clk 0:10:42]} 14. Rab1 {[%clk 0:08:19]} Kb8 {[%clk 0:10:26]} 15. Rfd1
{[%clk 0:08:16]} Be6 {[%clk 0:08:12]} 16. Qc2 {[%clk 0:07:03]} f5
{[%clk 0:06:49]} 17. e3 {[%clk 0:05:32]} Be7 {[%clk 0:06:43]} 18. a5
{[%clk 0:05:21]} h4 {[%clk 0:05:59]} 19. Qa4 {[%clk 0:05:14]} hxg3
{[%clk 0:05:28]} 20. hxg3 {[%clk 0:05:23]} f4 {[%clk 0:04:27]} 21. Nb5
{[%clk 0:05:09]} Qc8 {[%clk 0:04:22]} 22. exf4 {[%clk 0:05:08]} Bh3
{[%clk 0:03:40]} 23. Bh1 {[%clk 0:05:16]} Bg4 {[%clk 0:03:47]} 24. Bg2
{[%clk 0:03:23]} exf4 {[%clk 0:03:53]} 25. Nbd4 {[%clk 0:03:19]} Nxd4
{[%clk 0:03:14]} 26. Rxd4 {[%clk 0:03:20]} fxg3 {[%clk 0:03:01]} 27. fxg3
{[%clk 0:01:39]} Bxf3 {[%clk 0:01:39]} 28. Bxf3 {[%clk 0:01:47]} Qxc3
{[%clk 0:01:47]} 29. Qd1 {[%clk 0:01:37]} Rdg8 {[%clk 0:01:48]} 30. Qd3
{[%clk 0:00:32]} Rxg3+ {[%clk 0:01:44]} 31. Kf2 {[%clk 0:00:36]} Rxf3+
{[%clk 0:01:47]} 32. Kxf3 {[%clk 0:00:19]} Rh3+ {[%clk 0:01:54]} 33. Qd1 0-1

[Event "Russian Rapid Team Championship (w)"]
[Site "Sochi"]
[Date "2022.10.18"]
[Round "4.10"]
[White "Gunina, Valentina"]
[Black "Potapova, Margarita"]
[Result "1-0"]
[BlackElo "2143"]
[WhiteElo "2421"]
[LiveChessVersion "1.4.8"]

1. d4 {[%clk 0:15:19]} Nf6 {[%clk 0:15:17]} 2. c4 {[%clk 0:15:27]} e6
{[%clk 0:15:19]} 3. Nf3 {[%clk 0:15:36]} d5 {[%clk 0:15:25]} 4. Nc3
{[%clk 0:15:45]} dxc4 {[%clk 0:14:54]} 5. e4 {[%clk 0:15:54]} Bb4
{[%clk 0:14:34]} 6. Bxc4 {[%clk 0:16:02]} Nxe4 {[%clk 0:14:39]} 7. O-O
{[%clk 0:16:10]} Nf6 {[%clk 0:14:47]} 8. Qa4+ {[%clk 0:15:39]} Nc6
{[%clk 0:14:55]} 9. Ne5 {[%clk 0:15:48]} Rb8 {[%clk 0:14:41]} 10. Nxc6
{[%clk 0:15:36]} bxc6 {[%clk 0:14:48]} 11. Qxa7 {[%clk 0:15:35]} Bb7
{[%clk 0:14:43]} 12. Qa4 {[%clk 0:15:37]} Bd6 {[%clk 0:12:22]} 13. h3
{[%clk 0:15:23]} O-O {[%clk 0:12:28]} 14. Rd1 {[%clk 0:15:15]} Qe7
{[%clk 0:12:09]} 15. Be3 {[%clk 0:15:03]} Nd5 {[%clk 0:11:52]} 16. Nxd5
{[%clk 0:14:46]} cxd5 {[%clk 0:11:27]} 17. Bd3 {[%clk 0:14:55]} e5
{[%clk 0:10:51]} 18. dxe5 {[%clk 0:14:37]} Qxe5 {[%clk 0:10:40]} 19. g3
{[%clk 0:14:26]} c5 {[%clk 0:08:51]} 20. Bf4 {[%clk 0:14:13]} Qf6
{[%clk 0:08:37]} 21. Bxd6 {[%clk 0:14:21]} Qxd6 {[%clk 0:08:46]} 22. Rac1
{[%clk 0:14:26]} d4 {[%clk 0:08:30]} 23. Re1 {[%clk 0:14:32]} g6 {[%clk 0:07:23]}
24. Rc2 {[%clk 0:13:29]} Qf6 {[%clk 0:04:37]} 25. f4 {[%clk 0:13:15]} Qb6
{[%clk 0:02:02]} 26. Qb5 {[%clk 0:13:00]} Qxb5 {[%clk 0:01:35]} 27. Bxb5
{[%clk 0:13:09]} Bd5 {[%clk 0:00:56]} 28. a4 {[%clk 0:13:17]} Rfc8
{[%clk 0:00:17]} 29. Re5 {[%clk 0:13:19]} Bb3 {[%clk 0:00:14]} 30. Rcxc5
{[%clk 0:13:19]} Rd8 {[%clk 0:00:23]} 31. Re2 {[%clk 0:12:39]} d3
{[%clk 0:00:13]} 32. Rd2 {[%clk 0:12:48]} Bc2 {[%clk 0:00:19]} 33. f5
{[%clk 0:12:20]} Rd4 {[%clk 0:00:23]} 34. fxg6 {[%clk 0:11:07]} hxg6
{[%clk 0:00:19]} 35. a5 {[%clk 0:10:34]} Rb4 {[%clk 0:00:23]} 36. Bc4
{[%clk 0:09:35]} Rxb2 {[%clk 0:00:24]} 37. a6 {[%clk 0:09:42]} Rb1+
{[%clk 0:00:28]} 38. Kf2 {[%clk 0:09:51]} Ra1 {[%clk 0:00:36]} 39. Rc7
{[%clk 0:09:59]} Bb3 {[%clk 0:00:32]} 40. a7 {[%clk 0:08:38]} Rxa7
{[%clk 0:00:17]} 41. Bxf7+ {[%clk 0:08:46]} Bxf7 {[%clk 0:00:26]} 42. Rxa7
{[%clk 0:08:54]} Rf8 {[%clk 0:00:18]} 43. Ke3 {[%clk 0:09:01]} Be6
{[%clk 0:00:20]} 44. g4 {[%clk 0:09:00]} Bc4 {[%clk 0:00:15]} 45. Kd4
{[%clk 0:09:09]} Rf4+ {[%clk 0:00:20]} 46. Kc3 {[%clk 0:09:12]} Bb5
{[%clk 0:00:20]} 47. Rb2 {[%clk 0:09:16]} Rc4+ {[%clk 0:00:21]} 48. Kd2
{[%clk 0:09:24]} Bc6 {[%clk 0:00:13]} 49. Rb8+ {[%clk 0:09:26]} 1-0

[Event "Russian Rapid Team Championship (w)"]
[Site "Sochi"]
[Date "2022.10.18"]
[Round "4.11"]
[White "Tomilova, Elena"]
[Black "Badelka, Olga"]
[Result "1-0"]
[BlackElo "2316"]
[WhiteElo "2129"]
[LiveChessVersion "1.4.8"]

1. d4 {[%clk 0:15:19]} d5 {[%clk 0:15:18]} 2. Nf3 {[%clk 0:15:27]} Nf6
{[%clk 0:15:27]} 3. c4 {[%clk 0:15:36]} e6 {[%clk 0:15:32]} 4. Nc3
{[%clk 0:15:44]} Nbd7 {[%clk 0:15:41]} 5. cxd5 {[%clk 0:15:36]} exd5
{[%clk 0:15:42]} 6. Bg5 {[%clk 0:15:34]} c6 {[%clk 0:15:48]} 7. e3
{[%clk 0:15:41]} Be7 {[%clk 0:15:37]} 8. Bd3 {[%clk 0:15:47]} h6 {[%clk 0:15:29]}
9. Bh4 {[%clk 0:15:36]} O-O {[%clk 0:15:31]} 10. O-O {[%clk 0:15:28]} Ne4
{[%clk 0:15:21]} 11. Bxe7 {[%clk 0:15:08]} Qxe7 {[%clk 0:15:29]} 12. Qc2
{[%clk 0:13:51]} f5 {[%clk 0:13:15]} 13. Rab1 {[%clk 0:13:29]} g5
{[%clk 0:13:13]} 14. b4 {[%clk 0:13:06]} g4 {[%clk 0:13:09]} 15. Nd2
{[%clk 0:13:06]} Ndf6 {[%clk 0:11:37]} 16. Ne2 {[%clk 0:11:53]} Nh5
{[%clk 0:10:38]} 17. b5 {[%clk 0:11:31]} Bd7 {[%clk 0:10:14]} 18. bxc6
{[%clk 0:10:15]} Bxc6 {[%clk 0:10:22]} 19. Nxe4 {[%clk 0:07:06]} fxe4
{[%clk 0:10:25]} 20. Bb5 {[%clk 0:07:10]} Rac8 {[%clk 0:10:04]} 21. Bxc6
{[%clk 0:07:12]} bxc6 {[%clk 0:10:07]} 22. Qb3 {[%clk 0:07:06]} Rf6
{[%clk 0:08:05]} 23. Qb7 {[%clk 0:06:45]} Rc7 {[%clk 0:06:03]} 24. Qa8+
{[%clk 0:06:29]} Kg7 {[%clk 0:03:42]} 25. Rb8 {[%clk 0:06:19]} Qf7
{[%clk 0:03:49]} 26. Re8 {[%clk 0:04:27]} Rf5 {[%clk 0:02:47]} 27. g3
{[%clk 0:03:53]} Rf6 {[%clk 0:02:12]} 28. a4 {[%clk 0:03:25]} a6 {[%clk 0:01:51]}
29. Rd8 {[%clk 0:02:47]} Ra7 {[%clk 0:00:55]} 30. Qc8 {[%clk 0:02:48]} a5
{[%clk 0:00:42]} 31. Qxg4+ {[%clk 0:02:47]} Kh7 {[%clk 0:00:47]} 32. Rb8
{[%clk 0:02:33]} Rf3 {[%clk 0:00:37]} 33. Qc8 {[%clk 0:02:17]} Rc7
{[%clk 0:00:28]} 34. Qh8+ {[%clk 0:02:17]} Kg6 {[%clk 0:00:35]} 35. Nf4+
{[%clk 0:01:47]} Nxf4 {[%clk 0:00:33]} 36. Rg8+ {[%clk 0:01:54]} Kf5
{[%clk 0:00:28]} 37. Qe5# {[%clk 0:01:57]} 1-0

[Event "Russian Rapid Team Championship (w)"]
[Site "Sochi"]
[Date "2022.10.18"]
[Round "4.12"]
[White "Charochkina, Daria"]
[Black "Gritsayeva, Oksana"]
[Result "1/2-1/2"]
[BlackElo "2192"]
[WhiteElo "2245"]
[LiveChessVersion "1.4.8"]

1. d4 {[%clk 0:15:18]} g6 {[%clk 0:15:19]} 2. e4 {[%clk 0:15:18]} Bg7
{[%clk 0:15:27]} 3. Nc3 {[%clk 0:15:23]} d5 {[%clk 0:15:34]} 4. Nxd5
{[%clk 0:12:29]} c6 {[%clk 0:15:41]} 5. Ne3 {[%clk 0:12:37]} Qxd4
{[%clk 0:15:47]} 6. Qxd4 {[%clk 0:12:26]} Bxd4 {[%clk 0:15:54]} 7. c3
{[%clk 0:12:35]} Bg7 {[%clk 0:15:42]} 8. a4 {[%clk 0:12:39]} Nd7 {[%clk 0:15:02]}
9. Nf3 {[%clk 0:09:37]} Nc5 {[%clk 0:14:06]} 10. Nd2 {[%clk 0:09:45]} Be6
{[%clk 0:13:36]} 11. Bc4 {[%clk 0:08:08]} Bxc4 {[%clk 0:12:54]} 12. Nexc4
{[%clk 0:08:15]} Nf6 {[%clk 0:12:23]} 13. f3 {[%clk 0:07:09]} Bh6
{[%clk 0:10:35]} 14. Ke2 {[%clk 0:06:07]} Nh5 {[%clk 0:09:38]} 15. g3
{[%clk 0:06:03]} O-O-O {[%clk 0:08:26]} 16. b4 {[%clk 0:05:37]} Nd3
{[%clk 0:06:13]} 17. Ra2 {[%clk 0:04:21]} f5 {[%clk 0:05:41]} 18. Ba3
{[%clk 0:03:55]} Bg7 {[%clk 0:04:45]} 19. Rc2 {[%clk 0:03:48]} Ne5
{[%clk 0:03:23]} 20. Nxe5 {[%clk 0:03:43]} Bxe5 {[%clk 0:03:31]} 21. Rg1
{[%clk 0:02:44]} Nf6 {[%clk 0:03:33]} 22. Nc4 {[%clk 0:01:20]} Bc7
{[%clk 0:03:41]} 23. e5 {[%clk 0:01:15]} Nd5 {[%clk 0:03:37]} 24. a5
{[%clk 0:00:35]} b5 {[%clk 0:03:18]} 25. axb6 {[%clk 0:00:44]} axb6
{[%clk 0:03:19]} 26. Re1 {[%clk 0:00:33]} b5 {[%clk 0:02:59]} 27. Na5
{[%clk 0:00:42]} Bxa5 {[%clk 0:02:10]} 28. bxa5 {[%clk 0:00:51]} Kd7
{[%clk 0:01:41]} 29. c4 {[%clk 0:00:56]} bxc4 {[%clk 0:01:43]} 30. Rxc4
{[%clk 0:01:04]} Ra8 {[%clk 0:01:48]} 31. e6+ {[%clk 0:00:55]} Kxe6
{[%clk 0:01:31]} 32. Rxc6+ {[%clk 0:01:03]} Kd7 {[%clk 0:01:40]} 33. Rc5
{[%clk 0:01:00]} e6 {[%clk 0:01:49]} 34. Rb1 {[%clk 0:00:24]} Rhb8
{[%clk 0:01:17]} 35. Rxb8 {[%clk 0:00:30]} Rxb8 {[%clk 0:01:26]} 36. a6
{[%clk 0:00:38]} Ra8 {[%clk 0:01:27]} 37. Ra5 {[%clk 0:00:42]} Kc6
{[%clk 0:01:29]} 38. Bc5 {[%clk 0:00:27]} Nc7 {[%clk 0:01:17]} 39. a7
{[%clk 0:00:34]} h5 {[%clk 0:01:07]} 40. Be3 {[%clk 0:00:26]} Re8
{[%clk 0:00:57]} 41. Bd4 {[%clk 0:00:20]} Kb7 {[%clk 0:00:56]} 42. f4
{[%clk 0:00:23]} h4 {[%clk 0:00:53]} 43. Ra2 {[%clk 0:00:16]} Rd8
{[%clk 0:00:55]} 44. Bf6 {[%clk 0:00:18]} Ra8 {[%clk 0:01:01]} 45. Bxh4
{[%clk 0:00:19]} Rxa7 {[%clk 0:01:10]} 46. Rxa7+ {[%clk 0:00:24]} Kxa7
{[%clk 0:01:19]} 47. Kd3 {[%clk 0:00:33]} Nb5 {[%clk 0:01:15]} 48. Be7
{[%clk 0:00:40]} Kb6 {[%clk 0:01:22]} 49. Kc4 {[%clk 0:00:33]} Kc6
{[%clk 0:01:30]} 50. Bf8 {[%clk 0:00:41]} Nc7 {[%clk 0:01:06]} 51. Kd4
{[%clk 0:00:42]} Nd5 {[%clk 0:01:06]} 52. Ke5 {[%clk 0:00:30]} Ne3
{[%clk 0:00:31]} 53. Kxe6 {[%clk 0:00:25]} Nf1 {[%clk 0:00:37]} 54. Kf6
{[%clk 0:00:21]} Nxh2 {[%clk 0:00:44]} 55. Kxg6 {[%clk 0:00:28]} Nf1
{[%clk 0:00:50]} 56. Kxf5 {[%clk 0:00:26]} Nxg3+ {[%clk 0:00:59]} 57. Ke6
{[%clk 0:00:26]} Kc7 {[%clk 0:00:43]} 58. Ke7 {[%clk 0:00:27]} Kc6
{[%clk 0:00:46]} 59. Bg7 {[%clk 0:00:23]} Kd5 {[%clk 0:00:52]} 60. Be5
{[%clk 0:00:26]} 1/2-1/2

[Event "Russian Rapid Team Championship (w)"]
[Site "Sochi"]
[Date "2022.10.18"]
[Round "5.1"]
[White "Voit, Daria"]
[Black "Shuvalova, Polina"]
[Result "0-1"]
[BlackElo "2392"]
[WhiteElo "2297"]
[LiveChessVersion "1.4.8"]

1. d4 {[%clk 0:15:17]} Nf6 {[%clk 0:15:19]} 2. c4 {[%clk 0:15:26]} e6
{[%clk 0:15:26]} 3. Nf3 {[%clk 0:15:34]} d5 {[%clk 0:15:34]} 4. g3
{[%clk 0:15:43]} Bb4+ {[%clk 0:15:42]} 5. Bd2 {[%clk 0:15:51]} Be7
{[%clk 0:15:49]} 6. Bg2 {[%clk 0:15:59]} Nbd7 {[%clk 0:15:57]} 7. Qc2
{[%clk 0:16:06]} O-O {[%clk 0:16:04]} 8. O-O {[%clk 0:16:10]} c6 {[%clk 0:16:12]}
9. Bf4 {[%clk 0:16:17]} a5 {[%clk 0:13:47]} 10. Rd1 {[%clk 0:13:56]} h6
{[%clk 0:13:36]} 11. Nc3 {[%clk 0:13:57]} Nh5 {[%clk 0:12:44]} 12. Bc1
{[%clk 0:13:43]} f5 {[%clk 0:12:07]} 13. b3 {[%clk 0:13:35]} g5 {[%clk 0:11:07]}
14. Ne5 {[%clk 0:12:24]} Bd6 {[%clk 0:08:39]} 15. f4 {[%clk 0:11:36]} Nxe5
{[%clk 0:08:12]} 16. fxe5 {[%clk 0:09:27]} Be7 {[%clk 0:08:15]} 17. Kh1
{[%clk 0:09:35]} Ng7 {[%clk 0:07:56]} 18. Be3 {[%clk 0:09:10]} Bd7
{[%clk 0:08:02]} 19. Rg1 {[%clk 0:09:17]} Kh8 {[%clk 0:07:37]} 20. Raf1
{[%clk 0:09:07]} Be8 {[%clk 0:06:39]} 21. Rf2 {[%clk 0:08:54]} Bg6
{[%clk 0:06:36]} 22. Qd2 {[%clk 0:08:56]} Kh7 {[%clk 0:06:10]} 23. Bf1
{[%clk 0:08:58]} Bb4 {[%clk 0:04:43]} 24. Qc1 {[%clk 0:08:08]} a4
{[%clk 0:04:08]} 25. Nxa4 {[%clk 0:07:59]} b5 {[%clk 0:04:07]} 26. cxb5
{[%clk 0:08:05]} cxb5 {[%clk 0:04:15]} 27. Nc5 {[%clk 0:08:01]} Rxa2
{[%clk 0:04:15]} 28. h4 {[%clk 0:07:45]} f4 {[%clk 0:04:01]} 29. gxf4
{[%clk 0:07:45]} gxf4 {[%clk 0:03:38]} 30. Rxg6 {[%clk 0:06:32]} Bxc5
{[%clk 0:02:16]} 31. Qb1 {[%clk 0:04:49]} Nf5 {[%clk 0:02:20]} 32. Rxe6
{[%clk 0:04:56]} fxe3 {[%clk 0:02:01]} 33. Rf4 {[%clk 0:03:23]} Ra1
{[%clk 0:01:23]} 34. Qxa1 {[%clk 0:02:14]} Ng3+ {[%clk 0:01:32]} 35. Kh2
{[%clk 0:02:07]} Rxf4 {[%clk 0:01:34]} 36. Bh3 {[%clk 0:02:13]} Qxh4
{[%clk 0:00:56]} 37. dxc5 {[%clk 0:01:27]} Rf2+ {[%clk 0:00:54]} 38. Kg1
{[%clk 0:01:35]} Nxe2+ {[%clk 0:01:02]} 0-1

[Event "Russian Rapid Team Championship (w)"]
[Site "Sochi"]
[Date "2022.10.18"]
[Round "5.2"]
[White "Gunina, Valentina"]
[Black "Kovalevskaya, Ekaterina"]
[Result "1/2-1/2"]
[BlackElo "2257"]
[WhiteElo "2421"]
[LiveChessVersion "1.4.8"]

1. d4 {[%clk 0:15:15]} Nf6 {[%clk 0:15:18]} 2. c4 {[%clk 0:15:23]} d6
{[%clk 0:15:26]} 3. Nf3 {[%clk 0:15:31]} Nbd7 {[%clk 0:15:35]} 4. Nc3
{[%clk 0:15:39]} e5 {[%clk 0:15:44]} 5. e4 {[%clk 0:15:48]} g6 {[%clk 0:15:51]}
6. Be2 {[%clk 0:15:54]} Bg7 {[%clk 0:15:59]} 7. O-O {[%clk 0:16:02]} O-O
{[%clk 0:16:07]} 8. Re1 {[%clk 0:16:11]} exd4 {[%clk 0:15:41]} 9. Nxd4
{[%clk 0:16:19]} Re8 {[%clk 0:15:45]} 10. Bf1 {[%clk 0:16:21]} Nc5
{[%clk 0:15:33]} 11. f3 {[%clk 0:16:30]} c6 {[%clk 0:15:19]} 12. Be3
{[%clk 0:16:36]} a5 {[%clk 0:15:10]} 13. Qd2 {[%clk 0:16:43]} a4 {[%clk 0:14:56]}
14. Rad1 {[%clk 0:16:48]} Nh5 {[%clk 0:13:43]} 15. Nxc6 {[%clk 0:16:34]} bxc6
{[%clk 0:13:11]} 16. Bxc5 {[%clk 0:16:42]} a3 {[%clk 0:12:01]} 17. b3
{[%clk 0:16:22]} Be6 {[%clk 0:03:40]} 18. Bd4 {[%clk 0:15:59]} Bf8
{[%clk 0:03:37]} 19. Be3 {[%clk 0:15:35]} Qa5 {[%clk 0:03:19]} 20. Na4
{[%clk 0:15:31]} Qxd2 {[%clk 0:02:32]} 21. Rxd2 {[%clk 0:15:29]} f5
{[%clk 0:02:36]} 22. exf5 {[%clk 0:15:08]} gxf5 {[%clk 0:02:42]} 23. Bd4
{[%clk 0:15:11]} Bf7 {[%clk 0:02:21]} 24. Rxe8 {[%clk 0:15:00]} Rxe8
{[%clk 0:02:29]} 25. Re2 {[%clk 0:15:02]} Rxe2 {[%clk 0:01:42]} 26. Bxe2
{[%clk 0:15:11]} Nf4 {[%clk 0:01:46]} 27. Bf1 {[%clk 0:15:13]} d5
{[%clk 0:01:21]} 28. Be3 {[%clk 0:15:04]} Ne6 {[%clk 0:01:27]} 29. Kf2
{[%clk 0:14:52]} f4 {[%clk 0:01:16]} 30. Bb6 {[%clk 0:14:44]} Bg6
{[%clk 0:00:59]} 31. cxd5 {[%clk 0:14:15]} cxd5 {[%clk 0:01:07]} 32. Nc3
{[%clk 0:14:21]} d4 {[%clk 0:00:42]} 33. Nb5 {[%clk 0:12:56]} Nc5
{[%clk 0:00:33]} 34. Bc4+ {[%clk 0:12:54]} Kg7 {[%clk 0:00:40]} 35. Nxd4
{[%clk 0:12:59]} Kf6 {[%clk 0:00:46]} 36. Ke2 {[%clk 0:12:38]} Bb1
{[%clk 0:00:51]} 37. b4 {[%clk 0:11:58]} Na4 {[%clk 0:00:52]} 38. Bd8+
{[%clk 0:12:06]} Ke5 {[%clk 0:00:56]} 39. Bb3 {[%clk 0:10:28]} Nc3+
{[%clk 0:00:45]} 40. Kd2 {[%clk 0:10:36]} Nxa2 {[%clk 0:00:45]} 41. Nc6+
{[%clk 0:09:27]} Kd6 {[%clk 0:00:54]} 42. b5 {[%clk 0:09:36]} Kc5
{[%clk 0:00:38]} 43. Kd1 {[%clk 0:07:34]} Kxb5 {[%clk 0:02:21]} 44. Nd4+
{[%clk 0:06:40]} Kb4 {[%clk 0:02:20]} 45. Bf6 {[%clk 0:04:23]} Nc3+
{[%clk 0:01:32]} 46. Kc1 {[%clk 0:04:25]} a2 {[%clk 0:00:45]} 47. Kb2
{[%clk 0:04:34]} Na4+ {[%clk 0:00:28]} 48. Ka1 {[%clk 0:04:39]} Bc5
{[%clk 0:00:29]} 49. Bxa2 {[%clk 0:04:20]} Bxa2 {[%clk 0:00:29]} 50. Kxa2
{[%clk 0:04:29]} Bxd4 {[%clk 0:00:29]} 51. Bxd4 {[%clk 0:04:36]} Kc4
{[%clk 0:00:37]} 52. Be5 {[%clk 0:04:30]} Nc3+ {[%clk 0:00:29]} 53. Kb2
{[%clk 0:01:29]} Nd5 {[%clk 0:00:37]} 54. Kc1 {[%clk 0:01:07]} Ne3
{[%clk 0:00:18]} 55. Kd2 {[%clk 0:01:09]} Nxg2 {[%clk 0:00:27]} 56. Ke2
{[%clk 0:01:18]} Kd5 {[%clk 0:00:35]} 57. Bb8 {[%clk 0:01:25]} Ke6
{[%clk 0:00:40]} 58. Kf2 {[%clk 0:01:31]} Nh4 {[%clk 0:00:49]} 59. Bxf4
{[%clk 0:01:39]} Kf5 {[%clk 0:00:57]} 60. Bg3 {[%clk 0:01:39]} Ng6
{[%clk 0:01:03]} 61. Ke3 {[%clk 0:01:47]} Ne7 {[%clk 0:00:45]} 62. Kd4
{[%clk 0:01:56]} Kg6 {[%clk 0:00:36]} 63. Ke5 {[%clk 0:02:01]} Nf5
{[%clk 0:00:42]} 64. Bf2 {[%clk 0:02:04]} Ng7 {[%clk 0:00:50]} 65. Bg3
{[%clk 0:01:46]} Nf5 {[%clk 0:00:58]} 66. Kd5 {[%clk 0:01:53]} Ng7
{[%clk 0:01:06]} 67. Be5 {[%clk 0:01:55]} Nf5 {[%clk 0:01:14]} 68. Ke4
{[%clk 0:01:49]} Nh4 {[%clk 0:01:22]} 69. Bc7 {[%clk 0:01:05]} Nf5
{[%clk 0:01:31]} 70. Bb6 {[%clk 0:01:00]} Nd6+ {[%clk 0:01:38]} 71. Kf4
{[%clk 0:00:57]} Nf5 {[%clk 0:01:46]} 72. Kg4 {[%clk 0:00:55]} Ng7
{[%clk 0:01:49]} 73. Bd4 {[%clk 0:00:28]} Nf5 {[%clk 0:01:57]} 74. Bf2
{[%clk 0:00:21]} Nh6+ {[%clk 0:02:05]} 75. Kf4 {[%clk 0:00:27]} Nf5
{[%clk 0:02:14]} 76. h4 {[%clk 0:00:37]} h5 {[%clk 0:02:22]} 77. Ke5
{[%clk 0:00:41]} Ng7 {[%clk 0:02:29]} 78. Be3 {[%clk 0:00:50]} Nf5
{[%clk 0:02:38]} 79. Bg5 {[%clk 0:00:58]} Ng3 {[%clk 0:02:45]} 80. Bf6
{[%clk 0:00:23]} Nf5 {[%clk 0:02:53]} 81. Ke6 {[%clk 0:00:19]} Ne3
{[%clk 0:03:01]} 82. Bg5 {[%clk 0:00:19]} Nf5 {[%clk 0:03:10]} 83. Kd5
{[%clk 0:00:23]} Ng7 {[%clk 0:03:18]} 84. Ke4 {[%clk 0:00:24]} Nf5
{[%clk 0:03:27]} 85. Bd8 {[%clk 0:00:31]} Ng3+ {[%clk 0:03:35]} 86. Ke5
{[%clk 0:00:28]} Nf5 {[%clk 0:03:43]} 87. Kd5 {[%clk 0:00:24]} Ne3+
{[%clk 0:03:50]} 88. Kd4 {[%clk 0:00:22]} Nf5+ {[%clk 0:03:59]} 89. Kd3
{[%clk 0:00:24]} Ng3 {[%clk 0:04:06]} 90. Ba5 {[%clk 0:00:22]} Nf5
{[%clk 0:04:15]} 91. Be1 {[%clk 0:00:31]} Ne7 {[%clk 0:04:23]} 92. Kd4
{[%clk 0:00:27]} Nf5+ {[%clk 0:04:31]} 93. Kd5 {[%clk 0:00:22]} Ne7+
{[%clk 0:04:39]} 94. Ke5 {[%clk 0:00:27]} Nf5 {[%clk 0:04:47]} 95. Bf2
{[%clk 0:00:22]} Ng7 {[%clk 0:04:55]} 1/2-1/2

[Event "Russian Rapid Team Championship (w)"]
[Site "Sochi"]
[Date "2022.10.18"]
[Round "5.3"]
[White "Bivol, Alina"]
[Black "Charochkina, Daria"]
[Result "1/2-1/2"]
[BlackElo "2245"]
[WhiteElo "2264"]
[LiveChessVersion "1.4.8"]

1. e4 {[%clk 0:15:10]} d6 {[%clk 0:15:10]} 2. d4 {[%clk 0:15:17]} Nf6
{[%clk 0:15:17]} 3. Nc3 {[%clk 0:15:25]} g6 {[%clk 0:15:26]} 4. g3
{[%clk 0:15:34]} Bg7 {[%clk 0:15:35]} 5. Bg2 {[%clk 0:15:43]} O-O
{[%clk 0:15:42]} 6. Nge2 {[%clk 0:15:51]} Nbd7 {[%clk 0:15:37]} 7. h3
{[%clk 0:15:56]} e5 {[%clk 0:15:40]} 8. O-O {[%clk 0:15:16]} exd4
{[%clk 0:15:38]} 9. Nxd4 {[%clk 0:15:23]} Re8 10. Re1 {[%clk 0:14:04]} Nc5
{[%clk 0:15:03]} 11. Kh2 Bd7 {[%clk 0:14:10]} 12. a4 {[%clk 0:13:14]} a5
{[%clk 0:12:08]} 13. f4 {[%clk 0:11:57]} h6 {[%clk 0:11:03]} 14. Qd2
{[%clk 0:11:08]} Re7 {[%clk 0:10:42]} 15. Qf2 {[%clk 0:08:57]} c6
{[%clk 0:06:47]} 16. e5 {[%clk 0:08:10]} Nd5 {[%clk 0:05:03]} 17. Nxd5
{[%clk 0:06:20]} cxd5 {[%clk 0:05:11]} 18. Nb5 {[%clk 0:04:50]} Bxb5
{[%clk 0:02:50]} 19. axb5 {[%clk 0:04:58]} Ne4 {[%clk 0:02:39]} 20. Bxe4
{[%clk 0:05:07]} dxe4 {[%clk 0:02:47]} 21. Rxe4 {[%clk 0:05:15]} dxe5
{[%clk 0:02:43]} 22. fxe5 {[%clk 0:01:17]} Qd5 {[%clk 0:02:24]} 23. Qe2
{[%clk 0:00:57]} Rxe5 {[%clk 0:00:52]} 24. Rxe5 {[%clk 0:01:06]} Bxe5
{[%clk 0:00:59]} 25. Ra3 {[%clk 0:01:13]} g5 {[%clk 0:00:22]} 26. Rd3
{[%clk 0:01:15]} Qe6 27. Re3 {[%clk 0:00:40]} Re8 {[%clk 0:00:38]} 28. b3
{[%clk 0:00:40]} Qd6 {[%clk 0:00:24]} 29. Kg2 {[%clk 0:00:37]} Re6
{[%clk 0:00:29]} 30. Qd3 {[%clk 0:00:35]} Qe7 {[%clk 0:00:24]} 31. Qf5
{[%clk 0:00:35]} Qc5 {[%clk 0:00:22]} 32. c4 {[%clk 0:00:28]} a4 {[%clk 0:00:26]}
33. bxa4 {[%clk 0:00:31]} Qxc4 {[%clk 0:00:16]} 34. Rxe5 {[%clk 0:00:40]} Rxe5
{[%clk 0:00:16]} 35. Qxe5 Qxc1 36. Qb8+ {[%clk 0:00:41]} Kg7 {[%clk 0:00:34]} 37.
Qe5+ {[%clk 0:00:47]} Kg8 38. Qd4 {[%clk 0:00:41]} Qc2+ {[%clk 0:00:47]} 39. Kf3
{[%clk 0:00:45]} Qf5+ {[%clk 0:00:55]} 40. Kg2 {[%clk 0:00:53]} Qc2+
{[%clk 0:01:10]} 41. Kf3 Qf5+ {[%clk 0:01:17]} 42. Kg2 {[%clk 0:00:57]} Qc2+
1/2-1/2